| 000 | 00945nam a2200289Ia 4500 | ||
|---|---|---|---|
| 003 | OSt | ||
| 005 | 20220928124721.0 | ||
| 006 | a|||||r|||| 00| 0 | ||
| 007 | ta | ||
| 008 | 220927b |||||||| |||| 00| 0 eng d | ||
| 020 | _cINR 629.00 | ||
| 024 | _a140508 | ||
| 037 |
_b249, 07/03/2019, Classic Book Service _cTextual |
||
| 040 |
_aSDCL _cSDCL _beng |
||
| 041 |
_2eng _aeng |
||
| 082 | _aD6,8(B2895),2, N6 | ||
| 100 |
_aBuschmann Frank _9466771 |
||
| 245 | 0 |
_aPattern-oriented software architecture Vol.1 _b A system of patterns |
|
| 260 |
_aNew Delhi _bWiley _c1996 |
||
| 300 |
_axvi,467p. _ccm. |
||
| 650 | _aI I C | ||
| 700 |
_a Meunier Regine _9466772 |
||
| 700 |
_a Rohnert Hans _9466773 |
||
| 700 |
_a Sommerlad Peter _9466774 |
||
| 942 |
_hD6,8(B2895),2, N6 _cTEXL _2CC |
||
| 999 |
_c779591 _d779591 |
||